Once Upon A Time : 85 personnages en 10 minutes - Statistiques

Statistiques générales
  • Ce quiz a été pris 397 fois
    369 depuis la dernière actualisation
  • Le résultat moyen est 47 sur 85
Statistiques - réponses
Hint Réponse % Correct
1 Regina
100%
2 Emma
99%
3 Blanche Neige
98%
4 Charmant
98%
5 Henry
97%
6 Rumplestilkin
96%
7 Belle
95%
9 Crochet
95%
34 Anastasie
88%
21 Anna
88%
20 Elsa
88%
10 Robin
88%
43 Robin
88%
17 Peter Pan
87%
8 Zelena
86%
18 Neal
83%
13 Cora
81%
70 Ashley
80%
45 Jacinda
80%
11 Ruby
80%
50 Grincheux
79%
54 Aurore
77%
15 Cruella
76%
58 Granny
76%
14 Maléfique
76%
79 Ariel
75%
52 Mulan
75%
16 Ursula
75%
38 Archie
73%
35 August
73%
62 Atchoum
64%
49 Fée Clochette
63%
59 Dormeur
62%
29 Fée Bleue
62%
12 Graham
62%
65 Simplet
62%
27 Hadès
61%
63 Prof
61%
23 Arthur
59%
40 Jasmine
56%
64 Joyeux
56%
42 Alice
55%
41 Aladdin
54%
67 Geppetto
54%
25 Merlin
52%
66 Timide
51%
32 Victoria
51%
47 Fée Noire
50%
31 Jefferson
49%
55 Philipp
49%
33 Ivy
47%
22 Kristoff
47%
19 Ingrid
46%
76 Marianne
45%
77 Lancelot
42%
39 Mérida
42%
83 Gideon
41%
44 Lucy
41%
46 Sabine
39%
68 Sidney
36%
37 Whale
36%
56 Jafar
35%
75 Wendy
34%
78 Roland
33%
84 Lilith
32%
24 Guenièvre
31%
72 Tamara
29%
61 Anastasia
27%
36 Isaac
27%
81 L’apprenti
27%
53 Dorothy
26%
74 Félix
25%
30 Hyde / Jekyll
25%
82 Violet
25%
85 Lily la Tigresse
24%
71 Mr Mouche
24%
57 Gothel
23%
26 Nimue
22%
48 Will
21%
73 Greg
20%
51 Kathryn
18%
80 Walsh
18%
69 Roi George
10%
28 Sorcière aveugle
7%
60 Grand Pabbie
1%
Aucun quiz correspondant
Distribution des résultats
% des personnes avec chaque résultat
Percentile par nombre de réponses
Votre historique - résultats
Vous n’avez pas pris ce quiz depuis la dernière actualisation